[Event "Icelandic Team-ch Premier 2021-22"]
[Site "Reykjavik"]
[Date "2022.03.06"]
[Round "10.5"]
[White "Sigurpalsson, Runar"]
[Black "Brynell, Stellan"]
[Result "1-0"]
[WhiteElo "2279"]
[BlackElo "2405"]
[Annotator "ChessBase"]
[PlyCount "155"]
[EventDate "2022.03.05"]
[EventType "team-tourn"]
[EventCountry "ISL"]
[SourceTitle "playchess.com"]
[Source "ChessBase"]
[SourceQuality "1"]
[TimeControl "5400+30"]

1. e4 {[%emt 0:00:04]} e6 {[%emt 0:00:14]} 2. d3 {[%emt 0:00:18]} d5 {[%emt 0:00:06]} 3. Nd2 {[%emt 0:00:05]} Nf6 {[%emt 0:00:08]} 4. Ngf3 {[%emt 0:01:35]} c5 {[%emt 0:00:19]} 5. c3 {[%emt 0:03:13]} Nc6 {[%emt 0:00:49]} 6. g3 {[%emt 0:04:46]} g6 {[%emt 0:01:53]} 7. Bg2 {[%emt 0:01:47]} Bg7 {[%emt 0:00:05]} 8. O-O {[%emt 0:00:11]} O-O {[%emt 0:00:08]} 9. Qc2 {[%emt 0:01:33]} b6 {[%emt 0:05:48]} 10. Rd1 {[%emt 0:01:17]} Bb7 {[%emt 0:08:55]} 11. Nf1 {[%emt 0:03:21]} Rc8 {[%emt 0:07:20]} 12. a3 {[%emt 0:02:54]} Qe7 {[%emt 0:06:16]} 13. Re1 {[%emt 0:12:35]} h6 {[%emt 0:05:29]} 14. h4 {[%emt 0:05:21]} dxe4 {[%emt 0:21:30]} 15. dxe4 {[%emt 0:00:19]} Ng4 {[%emt 0:01:51]} 16. N3h2 {[%emt 0:01:30]} Nxh2 {[%emt 0:03:51]} 17. Nxh2 {[%emt 0:01:30]} Rfd8 {[%emt 0:00:09]} 18. Qe2 {[%emt 0:03:44]} Ne5 {[%emt 0:01:29]} 19. Ng4 {[%emt 0:02:35]} Nd3 {[%emt 0:05:26]} 20. Rd1 {[%emt 0:03:13]} Nxc1 {[%emt 0:01:08]} 21. Raxc1 {[%emt 0:00:30]} h5 {[%emt 0:02:49]} 22. Nh2 {[%emt 0:01:13]} Bh6 {[%emt 0:01:40]} 23. Rxd8+ {[%emt 0:01:40]} Rxd8 {[%emt 0:00:01]} 24. Rd1 {[%emt 0:00:08]} e5 {[%emt 0:00:34]} 25. Nf1 {[%emt 0:01:06]} Rd6 {[%emt 0:00:49]} 26. Rxd6 {[%emt 0:02:59]} Qxd6 {[%emt 0:00:07]} 27. Ne3 {[%emt 0:00:16]} Bxe3 {[%emt 0:04:08]} 28. Qxe3 {[%emt 0:00:11]} Qd1+ {[%emt 0:00:05]} 29. Kh2 {[%emt 0:00:27]} Kg7 {[%emt 0:02:09]} 30. Bf3 {[%emt 0:05:46]} Qc2 {[%emt 0:01:36]} 31. b4 {[%emt 0:00:27]} cxb4 {[%emt 0:01:58]} 32. cxb4 {[%emt 0:00:57]} Bc6 {[%emt 0:00:40]} 33. Kg2 {[%emt 0:01:09]} f6 {[%emt 0:04:28]} 34. Kg1 {[%emt 0:01:14]} Bd7 {[%emt 0:00:47]} 35. Be2 {[%emt 0:02:25]} Be6 {[%emt 0:00:52]} 36. Kg2 {[%emt 0:04:22]} Qb2 {[%emt 0:01:21]} 37. Qd3 {[%emt 0:01:59]} Qc1 {[%emt 0:00:11]} 38. Qa6 {[%emt 0:01:52]} Qc7 {[%emt 0:00:30]} 39. Qd3 {[%emt 0:01:16]} Qc6 {[%emt 0:00:19]} 40. f3 {[%emt 0:01:18]} Qc7 {[%emt 0:03:24]} 41. Kf2 {[%emt 0:00:51]} a5 {[%emt 0:00:26]} 42. Qb5 {[%emt 0:04:45]} axb4 {[%emt 0:00:54]} 43. Qxb4 {[%emt 0:00:55]} Kf7 {[%emt 0:00:22]} 44. Bd3 {[%emt 0:02:41]} Qc6 {[%emt 0:01:12]} 45. Be2 {[%emt 0:01:48]} Qc7 {[%emt 0:01:17]} 46. Bd3 {[%emt 0:00:06]} Kg7 {[%emt 0:00:16]} 47. Be2 {[%emt 0:00:24]} Bf7 {[%emt 0:00:23]} 48. Bd3 {[%emt 0:01:49]} Qc6 {[%emt 0:00:58]} 49. Be2 {[%emt 0:00:23]} Qe6 {[%emt 0:00:12]} 50. Bf1 {[%emt 0:01:47]} g5 {[%emt 0:02:00]} 51. Qd2 {[%emt 0:01:29]} Kg6 {[%emt 0:02:12]} 52. Qe3 {[%emt 0:01:30]} Qa2+ {[%emt 0:00:38]} 53. Kg1 {[%emt 0:00:09]} Qb2 {[%emt 0:00:35]} 54. Qd3 {[%emt 0:04:43]} gxh4 {[%emt 0:01:02]} 55. gxh4 {[%emt 0:00:36]} Qc1 {[%emt 0:00:08]} 56. Kg2 {[%emt 0:01:24]} Qe1 {[%emt 0:00:58]} 57. Qd6 {[%emt 0:01:01]} Qxh4 {[%emt 0:00:44]} 58. Qxb6 {[%emt 0:00:31]} Qg5+ {[%emt 0:00:02]} 59. Kh1 {[%emt 0:00:29]} Qh4+ {[%emt 0:01:22]} 60. Kg2 {[%emt 0:00:12]} Qf4 {[%emt 0:00:40]} 61. Qf2 {[%emt 0:01:26]} h4 {[%emt 0:00:01]} 62. a4 {[%emt 0:01:24]} Be6 {[%emt 0:00:38]} 63. a5 {[%emt 0:00:30]} h3+ {[%emt 0:00:21]} 64. Kh1 {[%emt 0:00:19]} Qc1 {[%emt 0:01:09]} 65. Kh2 {[%emt 0:00:21]} Kf7 {[%emt 0:00:32]} 66. a6 {[%emt 0:01:15]} Qf4+ {[%emt 0:00:43]} 67. Kh1 {[%emt 0:00:30]} Bg4 {[%emt 0:00:37]} 68. Be2 {[%emt 0:04:01]} Bc8 {[%emt 0:01:36]} 69. a7 {[%emt 0:00:53]} Bb7 {[%emt 0:00:01]} 70. Bc4+ {[%emt 0:01:05]} Ke8 {[%emt 0:00:34]} 71. Bd5 {[%emt 0:00:27]} Bxd5 {[%emt 0:00:02]} 72. exd5 {[%emt 0:00:09]} Qa4 {[%emt 0:00:21]} 73. Kh2 {[%emt 0:01:32]} Qf4+ {[%emt 0:01:40]} 74. Kxh3 {[%emt 0:00:17]} Qf5+ {[%emt 0:00:15]} 75. Kg2 {[%emt 0:00:18]} Qg6+ {[%emt 0:01:04]} 76. Qg3 {[%emt 0:00:23]} Qc2+ {[%emt 0:00:01]} 77. Kh3 {[%emt 0:00:27]} Qh7+ {[%emt 0:00:05]} 78. Qh4 {[%emt 0:00:14]} 1-0

[Event "Icelandic Team-ch Premier 2021-22"]
[Site "Reykjavik"]
[Date "2022.03.06"]
[Round "10.6"]
[White "Petersson, Baldur Teodor"]
[Black "Halldorsson, Halldor"]
[Result "1-0"]
[WhiteElo "2242"]
[BlackElo "2211"]
[Annotator "ChessBase"]
[PlyCount "153"]
[EventDate "2022.03.05"]
[EventType "team-tourn"]
[EventCountry "ISL"]
[SourceTitle "playchess.com"]
[Source "ChessBase"]
[SourceQuality "1"]
[TimeControl "5400+30"]

1. e4 {[%emt 0:11:38]} c5 {[%emt 0:12:58]} 2. Nc3 {[%emt 0:00:00]} d6 {[%emt 0:00:37]} 3. g3 {[%emt 0:00:00]} Nc6 {[%emt 0:00:18]} 4. Bg2 {[%emt 0:00:00]} g6 {[%emt 0:00:07]} 5. d3 {[%emt 0:00:00]} Bg7 {[%emt 0:00:10]} 6. f4 {[%emt 0:00:00]} e6 {[%emt 0:00:32]} 7. Nf3 {[%emt 0:00:00]} Nge7 {[%emt 0:00:19]} 8. O-O {[%emt 0:00:00]} O-O {[%emt 0:00:07]} 9. Be3 {[%emt 0:00:00]} Nd4 {[%emt 0:00:18]} 10. e5 {[%emt 0:00:00]} dxe5 {[%emt 0:05:32]} 11. Nxe5 {[%emt 0:00:00]} Rb8 {[%emt 0:05:22]} 12. Ne4 {[%emt 0:00:00]} b6 {[%emt 0:10:43]} 13. Bf2 {[%emt 0:00:00]} Ba6 {[%emt 0:01:36]} 14. Re1 {[%emt 0:07:00]} Qc7 {[%emt 0:06:44]} 15. c3 {[%emt 0:02:33]} Ndc6 {[%emt 0:01:04]} 16. d4 {[%emt 0:02:06]} Rfd8 {[%emt 0:05:33]} 17. Nxc6 {[%emt 0:07:44]} Nxc6 {[%emt 0:00:47]} 18. Qa4 {[%emt 0:00:10]} Bb7 {[%emt 0:01:05]} 19. dxc5 {[%emt 0:00:22]} Na5 {[%emt 0:00:25]} 20. cxb6 {[%emt 0:03:24]} axb6 {[%emt 0:00:08]} 21. Rad1 {[%emt 0:04:33]} Bd5 {[%emt 0:03:22]} 22. Nd2 {[%emt 0:08:55]} b5 {[%emt 0:02:07]} 23. Qc2 {[%emt 0:00:37]} b4 {[%emt 0:03:11]} 24. Bxd5 {[%emt 0:03:52]} exd5 {[%emt 0:00:26]} 25. Rc1 {[%emt 0:08:07]} Rbc8 {[%emt 0:06:18]} 26. Qd3 {[%emt 0:03:14]} bxc3 {[%emt 0:02:43]} 27. bxc3 {[%emt 0:00:06]} Nc4 {[%emt 0:04:10]} 28. Bd4 {[%emt 0:04:40]} Nb2 {[%emt 0:02:04]} 29. Qe3 {[%emt 0:01:30]} Bxd4 {[%emt 0:00:47]} 30. Qxd4 {[%emt 0:00:13]} Qa5 {[%emt 0:00:12]} 31. f5 {[%emt 0:12:38]} Na4 {[%emt 0:04:40]} 32. Nb3 {[%emt 0:04:06]} Qa8 {[%emt 0:01:40]} 33. f6 {[%emt 0:00:45]} Rc4 {[%emt 0:01:08]} 34. Qe3 {[%emt 0:00:29]} Rc6 {[%emt 0:03:34]} 35. Rf1 {[%emt 0:07:03]} Qa6 {[%emt 0:01:39]} 36. Qf4 {[%emt 0:02:48]} Rdd6 {[%emt 0:08:01]} 37. Nd4 {[%emt 0:04:26]} Nxc3 {[%emt 0:04:41]} 38. Rce1 {[%emt 0:04:19]} Rxf6 {[%emt 0:01:23]} 39. Qb8+ {[%emt 0:00:10]} Kg7 {[%emt 0:00:23]} 40. Nxc6 {[%emt 0:00:31]} Qxc6 {[%emt 0:01:48]} 41. Qe5 {[%emt 0:00:42]} Qb6+ {[%emt 0:00:29]} 42. Kh1 {[%emt 0:00:13]} Ne4 {[%emt 0:00:28]} 43. Rxf6 {[%emt 0:02:26]} Nxf6 {[%emt 0:00:03]} 44. Rf1 {[%emt 0:00:25]} d4 {[%emt 0:00:23]} 45. Kg2 {[%emt 0:00:36]} Qc6+ {[%emt 0:00:43]} 46. Rf3 {[%emt 0:00:10]} d3 {[%emt 0:00:17]} 47. Qxf6+ {[%emt 0:00:16]} Qxf6 {[%emt 0:00:04]} 48. Rxf6 {[%emt 0:00:05]} Kxf6 {[%emt 0:00:05]} 49. Kf3 {[%emt 0:00:04]} Ke5 {[%emt 0:00:57]} 50. Ke3 {[%emt 0:00:04]} d2 {[%emt 0:01:53]} 51. Kxd2 {[%emt 0:00:08]} Kd4 {[%emt 0:00:02]} 52. h4 {[%emt 0:02:34]} f5 {[%emt 0:01:51]} 53. Ke2 {[%emt 0:00:26]} Ke4 {[%emt 0:00:18]} 54. a4 {[%emt 0:00:20]} h6 {[%emt 0:00:43]} 55. a5 {[%emt 0:00:20]} Kd5 {[%emt 0:00:01]} 56. Ke3 {[%emt 0:01:09]} g5 {[%emt 0:00:14]} 57. a6 {[%emt 0:00:22]} Kc6 {[%emt 0:00:39]} 58. h5 {[%emt 0:00:24]} Kb6 {[%emt 0:00:42]} 59. Kd4 {[%emt 0:00:05]} Kxa6 {[%emt 0:00:04]} 60. Ke5 {[%emt 0:00:04]} f4 {[%emt 0:00:03]} 61. gxf4 {[%emt 0:00:21]} g4 {[%emt 0:00:06]} 62. Ke4 {[%emt 0:00:12]} Kb6 {[%emt 0:01:20]} 63. Ke3 {[%emt 0:00:37]} Kc5 {[%emt 0:01:10]} 64. Kf2 {[%emt 0:00:04]} Kd5 {[%emt 0:00:32]} 65. Kg3 {[%emt 0:00:06]} Kd4 {[%emt 0:00:27]} 66. Kxg4 {[%emt 0:00:31]} Ke4 {[%emt 0:00:03]} 67. Kg3 {[%emt 0:00:07]} Kf5 {[%emt 0:00:26]} 68. Kf3 {[%emt 0:00:05]} Kf6 {[%emt 0:00:08]} 69. Ke4 {[%emt 0:00:08]} Ke6 {[%emt 0:00:05]} 70. f5+ {[%emt 0:00:20]} Kf6 {[%emt 0:00:05]} 71. Kf4 {[%emt 0:00:08]} Kf7 {[%emt 0:00:06]} 72. Ke5 {[%emt 0:00:10]} Ke7 {[%emt 0:00:05]} 73. f6+ {[%emt 0:00:04]} Kf7 {[%emt 0:00:04]} 74. Kf5 {[%emt 0:00:05]} Kf8 {[%emt 0:01:25]} 75. Kg6 {[%emt 0:00:06]} Kg8 {[%emt 0:00:03]} 76. Kxh6 {[%emt 0:00:07]} Kh8 {[%emt 0:00:05]} 77. Kg6 {[%emt 0:00:09]} 1-0

[Event "Icelandic Team-ch Premier 2021-22"]
[Site "Reykjavik"]
[Date "2022.03.06"]
[Round "10.7"]
[White "Karason, Askell O"]
[Black "Edvardsson, Kristjan"]
[Result "0-1"]
[WhiteElo "2186"]
[BlackElo "2223"]
[Annotator "NA"]
[PlyCount "76"]
[EventDate "2022.03.05"]
[EventType "team-tourn"]
[EventCountry "ISL"]
[SourceTitle "playchess.com"]
[Source "ChessBase"]
[SourceQuality "1"]
[TimeControl "5400+30"]

1. Nf3 {[%emt 0:00:03]} Nf6 {[%emt 0:00:55]} 2. c4 {[%emt 0:00:06]} c6 {[%emt 0:01:11]} 3. d4 {[%emt 0:00:16]} d5 {[%emt 0:00:08]} 4. Nc3 {[%emt 0:00:07]} g6 {[%emt 0:00:18]} 5. cxd5 {[%emt 0:00:13]} cxd5 {[%emt 0:00:10]} 6. Bf4 {[%emt 0:00:03]} Nc6 {[%emt 0:06:27]} 7. e3 {[%emt 0:00:15]} a6 {[%emt 0:02:54]} 8. Bd3 {[%emt 0:01:27]} Bg7 {[%emt 0:00:46]} 9. h3 {[%emt 0:00:11]} O-O {[%emt 0:02:03]} 10. Rc1 {[%emt 0:00:39]} Bd7 {[%emt 0:10:21]} 11. O-O {[%emt 0:01:23]} b5 {[%emt 0:02:46]} 12. Ne5 {[%emt 0:04:01]} Rc8 {[%emt 0:07:16]} 13. a4 {[%emt 0:03:51]} b4 {[%emt 0:05:37]} 14. Na2 {[%emt 0:05:23]} Qa5 {[%emt 0:12:41]} 15. Rc5 {[%emt 0:20:54]} Qb6 {[%emt 0:02:50]} 16. Nxd7 {[%emt 0:01:07]} Nxd7 {[%emt 0:00:10]} 17. Rxd5 {[%emt 0:00:02]} Rfd8 {[%emt 0:04:17]} 18. a5 {[%emt 0:07:34]} Qa7 {[%emt 0:07:04]} 19. Qa4 {[%emt 0:02:56]} Bf8 {[%emt 0:10:15]} 20. Rc1 {[%emt 0:09:52]} e6 {[%emt 0:04:54]} 21. Rxd7 {[%emt 0:00:19]} Qxd7 {[%emt 0:01:58]} 22. Bxa6 {[%emt 0:00:19]} Nb8 {[%emt 0:01:15]} 23. Qxd7 {[%emt 0:02:01]} Rxc1+ {[%emt 0:00:11]} 24. Nxc1 {[%emt 0:00:03]} Nxd7 {[%emt 0:00:29]} 25. Bc7 {[%emt 0:01:38]} Re8 {[%emt 0:02:57]} 26. Bb7 {[%emt 0:01:52]} e5 {[%emt 0:06:14]} 27. Nb3 {[%emt 0:02:10]} exd4 {[%emt 0:00:28]} 28. exd4 {[%emt 0:00:05]} Re6 {[%emt 0:03:20]} 29. a6 {[%emt 0:16:08]} Bd6 {[%emt 0:00:08]} 30. Bxd6 {[%emt 0:00:04]} Rxd6 {[%emt 0:00:08]} 31. Nc5 {[%emt 0:09:08]} Nb6 {[%emt 0:00:52]} 32. a7 {[%emt 0:05:45]} Rd8 {[%emt 0:02:23]} 33. d5 {[%emt 0:01:28]} Kg7 {[%emt 0:01:09]} 34. b3 {[%emt 0:03:25]} Kf6 {[%emt 0:00:23]} 35. d6 {[%emt 0:00:33]} Ke5 {[%emt 0:00:51]} 36. Na4 {[%emt 0:00:23]} Nxa4 {[%emt 0:01:00]} 37. f4+ {[%emt 0:01:34]} Kxd6 {[%emt 0:00:57]} 38. bxa4 {[%emt 0:00:05]} f5 {[%emt 0:01:01]} 0-1

[Event "Icelandic Team-ch Premier 2021-22"]
[Site "Reykjavik"]
[Date "2022.03.06"]
[Round "10.8"]
[White "Crevatin, Leo"]
[Black "Bergsson, Stefan"]
[Result "0-1"]
[WhiteElo "2267"]
[BlackElo "2095"]
[Annotator "ChessBase"]
[PlyCount "124"]
[EventDate "2022.03.05"]
[EventType "team-tourn"]
[EventCountry "ISL"]
[SourceTitle "playchess.com"]
[Source "ChessBase"]
[SourceQuality "1"]
[TimeControl "5400+30"]

1. d4 {[%emt 0:00:04]} Nf6 {[%emt 0:00:44]} 2. c4 {[%emt 0:00:08]} g6 {[%emt 0:01:15]} 3. f3 {[%emt 0:00:07]} Bg7 {[%emt 0:00:29]} 4. e4 {[%emt 0:00:06]} d6 {[%emt 0:00:38]} 5. Nc3 {[%emt 0:00:03]} O-O {[%emt 0:00:56]} 6. Be3 {[%emt 0:00:05]} c5 {[%emt 0:00:24]} 7. Nge2 {[%emt 0:00:29]} Nc6 {[%emt 0:00:17]} 8. d5 {[%emt 0:00:11]} Ne5 {[%emt 0:00:02]} 9. Ng3 {[%emt 0:00:08]} h5 {[%emt 0:00:07]} 10. Be2 {[%emt 0:00:13]} h4 {[%emt 0:10:05]} 11. Nf1 {[%emt 0:00:06]} a6 {[%emt 0:00:20]} 12. a4 {[%emt 0:03:28]} e6 {[%emt 0:04:35]} 13. Bg5 {[%emt 0:06:23]} h3 {[%emt 0:04:21]} 14. gxh3 {[%emt 0:03:16]} Qb6 {[%emt 0:01:39]} 15. Qd2 {[%emt 0:09:55]} exd5 {[%emt 0:07:54]} 16. cxd5 {[%emt 0:04:03]} Bxh3 {[%emt 0:03:05]} 17. Ne3 {[%emt 0:01:09]} Nh7 {[%emt 0:03:36]} 18. Bf4 {[%emt 0:05:23]} Qd8 {[%emt 0:00:16]} 19. Bg3 {[%emt 0:03:11]} Ng5 {[%emt 0:13:59]} 20. Qd1 {[%emt 0:09:33]} Qb6 {[%emt 0:19:24]} 21. Bxe5 {[%emt 0:10:36]} Bxe5 {[%emt 0:03:08]} 22. Nc4 {[%emt 0:01:16]} Bxc3+ {[%emt 0:00:16]} 23. bxc3 {[%emt 0:00:09]} Qd8 {[%emt 0:00:25]} 24. Rg1 {[%emt 0:04:29]} Qf6 {[%emt 0:00:46]} 25. Qd3 {[%emt 0:05:35]} b5 {[%emt 0:01:56]} 26. Qe3 {[%emt 0:08:47]} Nh7 {[%emt 0:04:32]} 27. Rg3 {[%emt 0:02:45]} bxc4 {[%emt 0:01:22]} 28. Rxh3 {[%emt 0:00:02]} Rab8 {[%emt 0:01:41]} 29. Rc1 {[%emt 0:03:27]} Rfe8 {[%emt 0:04:48]} 30. Qh6 {[%emt 0:02:08]} Nf8 {[%emt 0:00:12]} 31. Qd2 {[%emt 0:03:26]} g5 {[%emt 0:02:12]} 32. Rg3 {[%emt 0:01:04]} Re5 {[%emt 0:01:52]} 33. h4 {[%emt 0:01:29]} Ng6 {[%emt 0:00:27]} 34. hxg5 {[%emt 0:01:28]} Qh8 {[%emt 0:00:14]} 35. Kd1 {[%emt 0:02:37]} Kg7 {[%emt 0:02:00]} 36. Kc2 {[%emt 0:01:53]} Qe8 {[%emt 0:00:42]} 37. Ra1 {[%emt 0:00:38]} Re7 {[%emt 0:01:49]} 38. Bxc4 {[%emt 0:02:04]} Reb7 {[%emt 0:00:15]} 39. Qc1 {[%emt 0:00:50]} Qe5 {[%emt 0:00:34]} 40. Rg2 {[%emt 0:00:36]} Nh4 {[%emt 0:01:45]} 41. Re2 {[%emt 0:00:57]} Nxf3 {[%emt 0:01:57]} 42. Ra3 {[%emt 0:02:37]} Nd4+ {[%emt 0:01:05]} 43. cxd4 {[%emt 0:00:10]} Qxd4 {[%emt 0:00:04]} 44. Bb5 {[%emt 0:01:20]} axb5 {[%emt 0:01:03]} 45. Qb2 {[%emt 0:01:36]} bxa4 {[%emt 0:00:55]} 46. Qxd4+ {[%emt 0:00:06]} cxd4 {[%emt 0:00:01]} 47. Ra2 {[%emt 0:02:03]} Rb3 {[%emt 0:01:01]} 48. Rd2 {[%emt 0:01:05]} Rc3+ {[%emt 0:00:11]} 49. Kd1 {[%emt 0:00:14]} d3 {[%emt 0:00:39]} 50. Ke1 {[%emt 0:00:03]} a3 {[%emt 0:00:44]} 51. Kf2 {[%emt 0:00:16]} Rb2 {[%emt 0:00:24]} 52. Ke3 {[%emt 0:00:56]} Rcc2 {[%emt 0:00:16]} 53. e5 {[%emt 0:01:18]} dxe5 {[%emt 0:00:53]} 54. d6 {[%emt 0:00:27]} Rxd2 {[%emt 0:01:37]} 55. d7 {[%emt 0:00:03]} Re2+ {[%emt 0:00:26]} 56. Kf3 {[%emt 0:00:11]} e4+ {[%emt 0:00:21]} 57. Kf4 {[%emt 0:00:41]} Rb8 {[%emt 0:00:17]} 58. Rxa3 {[%emt 0:00:17]} d2 {[%emt 0:00:20]} 59. Ra1 {[%emt 0:00:23]} Re1 {[%emt 0:00:18]} 60. d8=Q {[%emt 0:00:11]} Rxd8 {[%emt 0:00:03]} 61. g6 {[%emt 0:00:29]} Rxa1 {[%emt 0:00:21]} 62. gxf7 {[%emt 0:00:05]} d1=Q {[%emt 0:00:18]} 0-1

[Event "Icelandic Team-ch Premier 2021-22"]
[Site "Reykjavik"]
[Date "2022.03.06"]
[Round "10.9"]
[White "Hjartarson, Johann"]
[Black "Stefansson, Vignir Vatnar"]
[Result "1/2-1/2"]
[WhiteElo "2470"]
[BlackElo "2484"]
[Annotator "ChessBase"]
[PlyCount "131"]
[EventDate "2022.03.05"]
[EventType "team-tourn"]
[EventCountry "ISL"]
[SourceTitle "playchess.com"]
[Source "ChessBase"]
[SourceQuality "1"]
[TimeControl "5400+30"]

1. e4 {[%emt 0:00:04]} e5 {[%emt 0:00:49]} 2. Nf3 {[%emt 0:00:15]} Nf6 {[%emt 0:00:10]} 3. Nc3 {[%emt 0:02:27]} Nc6 {[%emt 0:00:26]} 4. Bb5 {[%emt 0:00:06]} Nd4 {[%emt 0:00:09]} 5. Bc4 {[%emt 0:00:09]} d6 {[%emt 0:09:57]} 6. h3 {[%emt 0:17:47]} Be7 {[%emt 0:02:19]} 7. d3 {[%emt 0:00:18]} c6 {[%emt 0:02:38]} 8. Nxd4 {[%emt 0:01:20]} exd4 {[%emt 0:00:18]} 9. Ne2 {[%emt 0:00:08]} d5 {[%emt 0:12:49]} 10. exd5 {[%emt 0:00:38]} c5 {[%emt 0:03:22]} 11. Nf4 {[%emt 0:03:45]} O-O {[%emt 0:00:43]} 12. O-O {[%emt 0:06:49]} b6 {[%emt 0:06:00]} 13. Re1 {[%emt 0:11:11]} Bb7 {[%emt 0:01:01]} 14. Bd2 {[%emt 0:02:11]} Qd7 {[%emt 0:06:04]} 15. c3 {[%emt 0:04:06]} Rfd8 {[%emt 0:10:49]} 16. cxd4 {[%emt 0:01:52]} cxd4 {[%emt 0:00:48]} 17. Rc1 {[%emt 0:03:16]} Bf8 {[%emt 0:02:28]} 18. Qb3 {[%emt 0:11:47]} Nxd5 {[%emt 0:01:13]} 19. Nxd5 {[%emt 0:02:18]} Bxd5 {[%emt 0:00:06]} 20. Bxd5 {[%emt 0:00:29]} Qxd5 {[%emt 0:00:06]} 21. Qxd5 {[%emt 0:00:04]} Rxd5 {[%emt 0:00:06]} 22. Rc7 {[%emt 0:00:49]} a5 {[%emt 0:02:01]} 23. Rb7 {[%emt 0:03:57]} Bc5 {[%emt 0:02:44]} 24. a4 {[%emt 0:01:08]} h5 {[%emt 0:04:45]} 25. g3 {[%emt 0:01:58]} Rc8 {[%emt 0:02:48]} 26. Kg2 {[%emt 0:00:28]} g5 {[%emt 0:01:25]} 27. g4 {[%emt 0:00:48]} hxg4 {[%emt 0:00:33]} 28. hxg4 {[%emt 0:00:02]} Kg7 {[%emt 0:01:33]} 29. Rh1 {[%emt 0:00:45]} Re8 {[%emt 0:00:57]} 30. Kf3 {[%emt 0:03:40]} Rde5 {[%emt 0:01:16]} 31. Rh5 {[%emt 0:01:11]} Kg6 {[%emt 0:00:08]} 32. Rc7 {[%emt 0:00:32]} Be7 {[%emt 0:08:11]} 33. Rc6+ {[%emt 0:00:48]} Re6 {[%emt 0:00:04]} 34. Rxe6+ {[%emt 0:00:05]} fxe6 {[%emt 0:00:04]} 35. Rh1 {[%emt 0:00:48]} Rf8+ {[%emt 0:00:16]} 36. Ke2 {[%emt 0:00:12]} Rc8 {[%emt 0:01:10]} 37. Rc1 {[%emt 0:00:07]} Rxc1 {[%emt 0:03:22]} 38. Bxc1 {[%emt 0:00:03]} e5 {[%emt 0:00:08]} 39. Kf3 {[%emt 0:00:43]} Kf6 {[%emt 0:00:06]} 40. Ke4 {[%emt 0:00:05]} Ke6 {[%emt 0:00:03]} 41. Bd2 {[%emt 0:00:19]} Bf6 {[%emt 0:00:24]} 42. b4 {[%emt 0:02:02]} axb4 {[%emt 0:00:12]} 43. Bxb4 {[%emt 0:00:03]} Bd8 {[%emt 0:00:24]} 44. Bd2 {[%emt 0:04:26]} Bf6 {[%emt 0:02:24]} 45. Bc1 {[%emt 0:03:15]} Be7 {[%emt 0:00:32]} 46. Kf3 {[%emt 0:01:32]} Kd5 {[%emt 0:00:29]} 47. Ke2 {[%emt 0:00:06]} e4 {[%emt 0:02:56]} 48. dxe4+ {[%emt 0:00:06]} Kxe4 {[%emt 0:00:37]} 49. f3+ {[%emt 0:00:05]} Kd5 {[%emt 0:00:18]} 50. Kd3 {[%emt 0:00:30]} Bf6 {[%emt 0:00:23]} 51. f4 {[%emt 0:01:26]} gxf4 {[%emt 0:00:08]} 52. Bxf4 {[%emt 0:00:02]} Bd8 {[%emt 0:00:33]} 53. Bg3 {[%emt 0:00:46]} Bf6 {[%emt 0:00:40]} 54. Bf4 {[%emt 0:02:35]} Bd8 {[%emt 0:00:08]} 55. g5 {[%emt 0:00:12]} Bxg5 {[%emt 0:00:09]} 56. Bxg5 {[%emt 0:00:06]} Kc6 {[%emt 0:00:07]} 57. Kc4 {[%emt 0:00:14]} d3 {[%emt 0:00:19]} 58. Bd2 {[%emt 0:00:14]} Kb7 {[%emt 0:00:50]} 59. Kxd3 {[%emt 0:00:10]} Ka6 {[%emt 0:00:14]} 60. Kc4 {[%emt 0:00:05]} Kb7 {[%emt 0:00:09]} 61. Kb5 {[%emt 0:00:05]} Ka7 {[%emt 0:00:15]} 62. Be3 {[%emt 0:00:08]} Kb7 {[%emt 0:00:07]} 63. Bf2 {[%emt 0:00:04]} Ka8 {[%emt 0:00:43]} 64. Ka6 {[%emt 0:00:09]} Kb8 {[%emt 0:00:03]} 65. Bg3+ {[%emt 0:00:10]} Ka8 {[%emt 0:00:06]} 66. Kxb6 {[%emt 0:00:24]} 1/2-1/2

[Event "Icelandic Team-ch Premier 2021-22"]
[Site "Reykjavik"]
[Date "2022.03.06"]
[Round "10.10"]
[White "Einarsson, Halldor Gretar"]
[Black "Pakleza, Zbigniew"]
[Result "0-1"]
[WhiteElo "2207"]
[BlackElo "2500"]
[Annotator "ChessBase"]
[PlyCount "95"]
[EventDate "2022.03.05"]
[EventType "team-tourn"]
[EventCountry "ISL"]
[SourceTitle "playchess.com"]
[Source "ChessBase"]
[SourceQuality "1"]
[TimeControl "5400+30"]

1. d4 {[%emt 0:00:05]} d6 {[%emt 0:00:01]} 2. c4 {[%emt 0:00:58]} e5 {[%emt 0:00:04]} 3. Nc3 {[%emt 0:01:16]} exd4 {[%emt 0:00:07]} 4. Qxd4 {[%emt 0:00:08]} Nc6 {[%emt 0:00:08]} 5. Qd2 {[%emt 0:01:04]} Nf6 {[%emt 0:00:04]} 6. b3 {[%emt 0:00:48]} a5 {[%emt 0:00:06]} 7. Bb2 {[%emt 0:00:45]} a4 {[%emt 0:00:03]} 8. Rd1 {[%emt 0:01:03]} axb3 {[%emt 0:02:08]} 9. axb3 {[%emt 0:00:08]} Be7 {[%emt 0:20:43]} 10. e4 {[%emt 0:10:30]} O-O {[%emt 0:00:04]} 11. Bd3 {[%emt 0:02:02]} Nd4 {[%emt 0:09:28]} 12. Bc2 {[%emt 0:00:27]} Nxc2+ {[%emt 0:00:22]} 13. Qxc2 {[%emt 0:00:08]} c6 {[%emt 0:01:35]} 14. Nge2 {[%emt 0:11:27]} Qc7 {[%emt 0:03:50]} 15. O-O {[%emt 0:01:00]} Re8 {[%emt 0:00:03]} 16. Nd4 {[%emt 0:06:56]} Bf8 {[%emt 0:02:27]} 17. f3 {[%emt 0:07:55]} Nd7 {[%emt 0:05:18]} 18. Kh1 {[%emt 0:05:29]} Ra5 {[%emt 0:01:27]} 19. Nf5 {[%emt 0:05:21]} Ne5 {[%emt 0:02:00]} 20. Qd2 {[%emt 0:03:46]} Rd8 {[%emt 0:21:24]} 21. Qd4 {[%emt 0:04:56]} f6 {[%emt 0:02:57]} 22. Ne3 {[%emt 0:03:29]} Ra6 {[%emt 0:02:24]} 23. Ne2 {[%emt 0:07:34]} Qb6 {[%emt 0:03:16]} 24. Qc3 {[%emt 0:01:46]} Ra2 {[%emt 0:00:33]} 25. Nc1 {[%emt 0:04:19]} Ra8 {[%emt 0:02:21]} 26. Ne2 {[%emt 0:00:35]} Bd7 {[%emt 0:03:40]} 27. Ra1 {[%emt 0:02:32]} Be8 {[%emt 0:03:21]} 28. Nf4 {[%emt 0:06:07]} Bf7 {[%emt 0:00:21]} 29. Rfd1 {[%emt 0:01:26]} Qc7 {[%emt 0:06:40]} 30. Nf5 {[%emt 0:01:11]} Rxa1 {[%emt 0:01:36]} 31. Rxa1 {[%emt 0:00:30]} Qb8 {[%emt 0:00:12]} 32. Nd4 {[%emt 0:01:51]} Re8 {[%emt 0:00:19]} 33. Nde2 {[%emt 0:01:09]} b5 {[%emt 0:00:59]} 34. cxb5 {[%emt 0:00:43]} Qxb5 {[%emt 0:00:02]} 35. Nd4 {[%emt 0:01:54]} Qb6 {[%emt 0:00:01]} 36. b4 {[%emt 0:01:40]} Rb8 {[%emt 0:03:33]} 37. Nd3 {[%emt 0:02:07]} c5 {[%emt 0:02:35]} 38. Nc2 {[%emt 0:01:26]} cxb4 {[%emt 0:01:48]} 39. Ncxb4 {[%emt 0:01:21]} d5 {[%emt 0:00:19]} 40. Nxe5 {[%emt 0:01:29]} Bxb4 {[%emt 0:00:46]} 41. Qd3 {[%emt 0:01:05]} fxe5 {[%emt 0:00:21]} 42. Bxe5 {[%emt 0:00:05]} Bd6 {[%emt 0:00:55]} 43. Bd4 {[%emt 0:00:37]} Qb5 {[%emt 0:00:55]} 44. Qc3 {[%emt 0:00:18]} dxe4 {[%emt 0:00:22]} 45. fxe4 {[%emt 0:00:28]} Qb4 {[%emt 0:00:43]} 46. Qd3 {[%emt 0:01:03]} Qb3 {[%emt 0:00:31]} 47. Qd2 {[%emt 0:00:28]} Qe6 {[%emt 0:00:25]} 48. Qd3 {[%emt 0:01:05]} 0-1